00262nam a2200121Ia 4500100001800000650001200018366000700030654001200037245004700049260002400096300000800120546001200128 aSudha Murthy  aGeneral f20 astories aThe Magic drum and other favourite stories bPenquin booksc2006 a145 aENGLISH